000 00336 a2200169 4500
001 190776
020 _a
040 _cMagnum
100 _aJose, Elias
240 1 0 _aUm sapo meio pirado
_lpor
245 1 0 _aUm sapo meio pirado
300 _a22
362 0 _a1991
440 1 _aLĂȘ
697 _aLITERATURA INFANTO
942 _cBK
999 _c190776
_d190776